| 000 | 00759nam a22002295i 4500 | ||
|---|---|---|---|
| 001 | 102963 | ||
| 003 | ES-MaACL | ||
| 005 | 20230906183229.0 | ||
| 007 | t| | ||
| 008 | 051221s1843 sp bf ||||1| spa d | ||
| 080 | _a913(5-12)"18" | ||
| 080 | _a913(94)"18" | ||
| 080 | _a913(961/964)"18" | ||
| 100 | 1 |
_aMichelena y Rojas, Francisco. _980917 |
|
| 245 | 1 | 0 |
_aViajes científicos en todo el mundo : _bdesde 1822 hasta 1842... / _cpor Francisco Michelena y Rojas. |
| 260 |
_aMadrid : _bI. Boix, _c1843. |
||
| 300 |
_a428 p., 12 h. de lám., [2] h. pleg. de mapas ; _c26 cm. |
||
| 651 | 4 |
_aPolinesia- _xDescripción. _99239 |
|
| 651 | 4 |
_aAustralia- _xDescripción. _97840 |
|
| 651 | 4 |
_aAsia sudoriental- _xDescripción. _9156613 |
|
| 852 | 4 |
_aES-MaACL _jR-3433 |
|
| 999 |
_c102963 _d102963 |
||